[Event "Elit(Orgryte-Kamraterna)"]
[Site "?"]
[Date "2011.02.26"]
[Round "8"]
[White "Hamark, Jesper"]
[Black "Zackrisson, Mattias"]
[Result "1-0"]
[WhiteElo "2411"]
[BlackElo "2200"]
[PlyCount "88"]

1. c4 Nf6 2. g3 g6 3. Bg2 Bg7 4. Nc3 O-O 5. e4 d6 6. Nge2 e5 7. d3 c6 8. O-O
Nbd7 9. h3 Ne8 10. d4 f5 11. Be3 Qe7 12. b3 Nef6 13. exf5 gxf5 14. Qd2 Nh5 15.
Rae1 Qf7 16. dxe5 dxe5 17. f4 Qg6 18. Kh2 exf4 19. Bxf4 Nxf4 20. Nxf4 Qf6 21.
Na4 Qh6 22. Qd1 Ne5 23. Qh5 Qxh5 24. Nxh5 Bh8 25. Re2 Rb8 26. Rfe1 Ng6 27. Nc5
Kf7 28. Bf3 Bd4 29. Ne6 Bxe6 30. Rxe6 Rfe8 31. Rxe8 Rxe8 32. Rxe8 Kxe8 33. Kg2
Kd7 34. Be2 Ke6 35. Bd3 a5 36. Bc2 b5 37. cxb5 cxb5 38. Kf3 h6 39. Ke2 Ne7 40.
a4 bxa4 41. bxa4 Nd5 42. Bb3 Ke5 43. Kd3 Bf2 44. Kc2 Bd4 1-0

[Event "Elit(Orgryte-Kamraterna)"]
[Site "?"]
[Date "2011.02.26"]
[Round "8"]
[White "Goransson, Michael"]
[Black "Svenn, Matti"]
[Result "0-1"]
[WhiteElo "1838"]
[BlackElo "2262"]
[PlyCount "68"]
[EventDate "2011.??.??"]
[SourceDate "2011.03.07"]

1. d4 Nf6 2. Nf3 e6 3. e3 c5 4. Bd3 d5 5. b3 Nc6 6. O-O Be7 7. Bb2 O-O 8. Nbd2
b6 9. Ne5 Bb7 10. f4 a6 11. a3 b5 12. Qf3 Qb6 13. Nxc6 Qxc6 14. dxc5 Qxc5 15.
f5 exf5 16. Bd4 Qd6 17. Qxf5 g6 18. Qxf6 Bxf6 19. Rxf6 Qc7 20. Nf3 Rae8 21. Rf1
Re6 22. Ng5 Rxf6 23. Rxf6 Bc8 24. b4 h6 25. Nf3 Re8 26. Nd2 Re6 27. Rf1 Qe7 28.
Rf3 Re5 29. Nb3 Bg4 30. Rf4 Rxe3 31. Kf2 Rxd3 32. cxd3 Qe2+ 33. Kg3 Qxd3+ 34.
Kxg4 f5+ 0-1

[Event "Elit(Orgryte-Kamraterna)"]
[Site "?"]
[Date "2011.02.26"]
[Round "8"]
[White "Madebrink, Lars"]
[Black "Anderzen, Robert"]
[Result "1-0"]
[WhiteElo "2255"]
[BlackElo "1758"]
[PlyCount "51"]
[SourceDate "2011.03.07"]

1. d4 Nf6 2. Nf3 g6 3. g3 Bg7 4. Bg2 O-O 5. O-O d6 6. c4 Nc6 7. Nc3 a6 8. h3
Rb8 9. Be3 b5 10. Nd2 Na5 11. cxb5 axb5 12. b4 Nc4 13. Nxc4 bxc4 14. b5 d5 15.
a4 Bd7 16. Bf4 e6 17. e4 dxe4 18. Nxe4 Nd5 19. Bg5 f6 20. Bc1 c6 21. Ba3 cxb5
22. Bxf8 Kxf8 23. axb5 Bxb5 24. Nc5 Qd6 25. Re1 Nc7 26. Ra7 1-0

[Event "Elit(Orgryte-Kamraterna)"]
[Site "?"]
[Date "2011.02.26"]
[Round "8"]
[White "Virolainen, Victor"]
[Black "Borvander, Tom"]
[Result "1/2-1/2"]
[WhiteElo "2161"]
[BlackElo "2221"]
[PlyCount "124"]

1. d4 Nf6 2. c4 g6 3. Nc3 Bg7 4. e4 d6 5. Nf3 O-O 6. Be2 e5 7. d5 Na6 8. Nd2
Qe7 9. h4 Ne8 10. h5 f5 11. hxg6 hxg6 12. Nb3 Nf6 13. Bg5 Qe8 14. Qd2 Nxe4 15.
Nxe4 fxe4 16. Bh6 Qe7 17. Qe3 Nb4 18. O-O-O Nd3+ 19. Bxd3 exd3 20. Nd2 Bf5 21.
f3 e4 22. Bxg7 Qxg7 23. g4 Bd7 24. Nxe4 Rae8 25. Qxd3 Qe5 26. Rde1 Kg7 27. Kc2
Qf4 28. Qc3+ Qe5 29. Nd2 Qxc3+ 30. Kxc3 c6 31. Rxe8 Rxe8 32. Kd4 Re2 33. Kd3
Re5 34. f4 Re7 35. dxc6 Bxg4 36. cxb7 Rxb7 37. b3 Re7 38. Rg1 Bf5+ 39. Kc3 Re3+
40. Kb4 Rd3 41. Rg2 Kf6 42. Rf2 Bg4 43. c5 dxc5+ 44. Kxc5 Be6 45. Nf3 Rd5+ 46.
Kb4 a5+ 47. Kc3 Rc5+ 48. Kd4 Rc1 49. Ne5 Rd1+ 50. Kc3 g5 51. Nc4 g4 52. Ne3 Rg1
53. f5 g3 54. Rf4 Bf7 55. Kd2 Bh5 56. Rh4 g2 57. Nxg2 Rxg2+ 58. Kc3 Bg4 59. a4
Bxf5 60. b4 Rg3+ 61. Kc4 Kg5 62. Rd4 axb4 1/2-1/2

[Event "Elit(Eksjo-Team Viking)"]
[Site "?"]
[Date "2011.03.11"]
[Round "9"]
[White "Cicak, Slavko"]
[Black "Ivanov, Sergej"]
[Result "1-0"]
[WhiteElo "2574"]
[BlackElo "2611"]
[PlyCount "63"]

1. e4 e6 2. Nf3 d5 3. e5 c5 4. c3 Nc6 5. Bb5 Bd7 6. Ba4 Nh6 7. O-O Nf5 8. Bc2
Nh4 9. Nxh4 Qxh4 10. Re1 c4 11. d4 cxd3 12. Bxd3 Bc5 13. g3 Qh3 14. Qf3 h5 15.
Nd2 O-O 16. Qg2 Qxg2+ 17. Kxg2 f6 18. b4 Bb6 19. f4 d4 20. Bb2 Rac8 21. exf6
gxf6 22. Nb3 dxc3 23. Bxc3 Ne7 24. Bd4 Nd5 25. Bc5 Rfd8 26. Be4 f5 27. Bxd5
exd5 28. Rac1 Bb5 29. Nd4 Bd3 30. Re7 Be4+ 31. Kh3 Rc7 32. Bxb6 1-0

[Event "Elit(Eksjo-Team Viking)"]
[Site "?"]
[Date "2011.03.11"]
[Round "9"]
[White "Berczes, David"]
[Black "Ornstein, Axel"]
[Result "1/2-1/2"]
[WhiteElo "2601"]
[BlackElo "2415"]
[PlyCount "80"]

1. d4 Nf6 2. c4 e6 3. Nf3 c5 4. d5 d6 5. Nc3 exd5 6. cxd5 g6 7. Nd2 Nbd7 8. e4
Bg7 9. Be2 O-O 10. O-O Re8 11. a4 Ne5 12. Ndb1 h5 13. Bg5 a6 14. Na3 Qc7 15. f4
Neg4 16. Qd3 Nh7 17. Bh4 f5 18. Nc4 fxe4 19. Nxe4 Bf5 20. Ncxd6 c4 21. Qxc4
Qxc4 22. Bxc4 Rxe4 23. Nxe4 Bxe4 24. Rfe1 Bxb2 25. Rad1 Bf6 26. Bxf6 Ngxf6 27.
Rd4 b5 28. axb5 axb5 29. Bxb5 Bxd5 30. Bc4 Bxc4 31. Rxc4 Ra7 32. Rd1 Kf7 33. h3
Nf8 34. Rf1 Nd5 35. Rc5 Ne3 36. Re1 Nf5 37. g4 hxg4 38. hxg4 Nh6 39. f5 Nxg4
40. fxg6+ Nxg6 1/2-1/2

[Event "Elit(Eksjo-Team Viking)"]
[Site "?"]
[Date "2011.03.11"]
[Round "9"]
[White "Vernersson, Per"]
[Black "Cramling, Pia"]
[Result "1/2-1/2"]
[WhiteElo "2456"]
[BlackElo "2580"]
[PlyCount "147"]

1. d4 Nf6 2. c4 e6 3. g3 d5 4. Nf3 Nc6 5. cxd5 exd5 6. Nc3 Be7 7. Bg2 O-O 8.
O-O Ne4 9. Bf4 Nxc3 10. bxc3 Na5 11. Qd3 Be6 12. e4 c6 13. Rfe1 Re8 14. e5 Qd7
15. Bg5 Bf5 16. Qd1 Ba3 17. Bc1 Be7 18. Bg5 Ba3 19. Bc1 Bf8 20. Nh4 Be6 21. Bf1
Be7 22. Ng2 Nc4 23. Ne3 Nxe3 24. Bxe3 Rec8 25. Bd3 c5 26. Qh5 g6 27. Qe2 c4 28.
Bc2 b5 29. a3 a5 30. Reb1 Ra7 31. Qd2 Rb8 32. Bg5 Bf8 33. Bh6 Be7 34. h4 Bf5
35. Re1 Bxc2 36. Qxc2 Qg4 37. Kg2 Bxh4 38. Rh1 Bd8 39. Qd2 Rab7 40. f3 Qe6 41.
Bg5 f6 42. exf6 Bxf6 43. Rhe1 Qf5 44. Bxf6 Qxf6 45. Re5 b4 46. axb4 axb4 47.
cxb4 Rxb4 48. Qe3 Rb2+ 49. Kh3 Rf8 50. Ra3 Qd8 51. Re7 Qc8+ 52. g4 Rb7 53. Ra7
Rxa7 54. Rxa7 Rf7 55. Ra5 Qd8 56. Rc5 Qd6 57. Kg2 Rc7 58. Qe8+ Kg7 59. Qb8 Rd7
60. Qxd6 Rxd6 61. Rc7+ Kf6 62. Rxh7 Rc6 63. Rh1 Ra6 64. Rd1 g5 65. Kg3 Ra3 66.
Kf2 Ra2+ 67. Ke3 Ke6 68. Rd2 Rxd2 69. Kxd2 Kd6 70. Kc3 Kc6 71. Kb4 Kb6 72. Ka4
Kc6 73. Kb4 Kb6 74. Ka4 1/2-1/2

[Event "Elit(Eksjo-Team Viking)"]
[Site "?"]
[Date "2011.03.11"]
[Round "9"]
[White "Malesevic, Nedeljko"]
[Black "Semcesen, Daniel"]
[Result "1/2-1/2"]
[WhiteElo "2395"]
[BlackElo "2509"]
[PlyCount "136"]

1. d4 f5 2. c4 Nf6 3. Nc3 g6 4. g3 Bg7 5. Bg2 O-O 6. Nh3 d6 7. O-O Nc6 8. Nf4
Bd7 9. e3 e5 10. Nfe2 Kh8 11. b3 a5 12. Bb2 e4 13. Nf4 Ne7 14. a4 g5 15. Nfe2
c6 16. Ba3 Be8 17. f3 exf3 18. Bxf3 Bg6 19. Qd2 Qd7 20. Rae1 h6 21. Nc1 Rae8
22. Bg2 Neg8 23. Nd3 b6 24. Bh3 Bh7 25. Re2 Re7 26. Ref2 Rfe8 27. Re2 Ng4 28.
Bxg4 fxg4 29. Nf2 Nf6 30. Rfe1 Be4 31. Ncxe4 Nxe4 32. Nxe4 Rxe4 33. d5 c5 34.
Bb2 Bxb2 35. Qxb2+ Qg7 36. Qxg7+ Kxg7 37. Kg2 Kg6 38. Kg1 h5 39. Kg2 h4 40.
gxh4 gxh4 41. Kg1 Kg5 42. Kg2 R8e7 43. Kg1 R7e5 44. Kg2 Re8 45. Kg1 Rf8 46. Rf2
Ree8 47. Rf4 Rf5 48. Kf2 Ref8 49. Rxf5+ Rxf5+ 50. Ke2 Rf3 51. Rg1 Rf6 52. Rg2
Kf5 53. Rg1 Kg5 54. Rg2 Rf7 55. Rg1 Rf8 56. Rg2 Rf7 57. Rg1 Rf3 58. Rg2 Kf5 59.
Rg1 Rh3 60. Rf1+ Ke5 61. Rf2 g3 62. hxg3 hxg3 63. Rf4 Rh2+ 64. Kf3 Rb2 65. Re4+
Kf5 66. Rf4+ Ke5 67. Re4+ Kf5 68. Rf4+ Ke5 1/2-1/2

[Event "Elit(Eksjo-Team Viking)"]
[Site "?"]
[Date "2011.03.11"]
[Round "9"]
[White "Degerman, Lars"]
[Black "Thornert, Hakan"]
[Result "1/2-1/2"]
[WhiteElo "2453"]
[BlackElo "2240"]
[PlyCount "111"]

1. c4 e5 2. Nc3 Nf6 3. Nf3 Nc6 4. g3 d5 5. cxd5 Nxd5 6. Bg2 Nb6 7. O-O Be7 8.
a3 O-O 9. b4 Re8 10. d3 Nd4 11. Bb2 Nxf3+ 12. Bxf3 a5 13. b5 a4 14. Qc2 f5 15.
e3 Ra7 16. d4 e4 17. Bh5 Rf8 18. Be2 Bd6 19. f3 Qg5 20. Kg2 exf3+ 21. Rxf3 Be6
22. Raf1 Raa8 23. e4 Bb3 24. Qb1 fxe4 25. Qxe4 Rfe8 26. Qd3 Bc4 27. Qc2 Bxe2
28. Nxe2 Qxb5 29. R1f2 Qc4 30. Nc3 Nd5 31. Nxd5 Qxd5 32. Kh3 Qh5+ 33. Kg2 Qd5
34. Kh3 Rf8 35. Rf5 Qb3 36. Rxf8+ Rxf8 37. Rxf8+ Bxf8 38. Qe2 b5 39. Bc1 Qc4
40. Qxc4+ bxc4 41. Kg4 Kf7 42. Kf5 c6 43. d5 cxd5 44. Ke5 c3 45. Kxd5 Kg6 46.
Kc4 Kf5 47. Kb5 Kg4 48. Kxa4 Kh3 49. Kb3 Kxh2 50. Bf4 c2 51. g4+ Kh3 52. g5 Kg4
53. Bc1 h5 54. gxh6 gxh6 55. Bxh6 Bxh6 56. Kxc2 1/2-1/2

[Event "Elit(Eksjo-Team Viking)"]
[Site "?"]
[Date "2011.03.11"]
[Round "9"]
[White "Gustafsson, Fredrik"]
[Black "Cramling, Dan"]
[Result "0-1"]
[WhiteElo "2151"]
[BlackElo "2413"]
[PlyCount "92"]

1. e4 c5 2. Nc3 Nc6 3. g3 g6 4. Bg2 Bg7 5. d3 d6 6. Be3 e6 7. Qd2 Rb8 8. Nf3 e5
9. O-O Nge7 10. Bh6 O-O 11. Bxg7 Kxg7 12. Nh4 Nd4 13. f4 exf4 14. gxf4 f5 15.
Nf3 Nxf3+ 16. Rxf3 Be6 17. d4 fxe4 18. Nxe4 Bd5 19. dxc5 Bxe4 20. Qd4+ Rf6 21.
Qxe4 dxc5 22. Rd3 Qc7 23. Rad1 Rxf4 24. Rd7 Rxe4 25. Rxc7 Re6 26. Rdd7 Kf6 27.
Bxb7 Nf5 28. Rxc5 Rb6 29. Be4 Rxb2 30. Rxa7 R2b4 31. Bxf5 gxf5 32. Rxh7 Ra8 33.
Rh3 Rxa2 34. Rf3 f4 35. h4 Raa4 36. h5 Rc4 37. Rxc4 Rxc4 38. c3 Kf5 39. Rh3 Kg4
40. Kg2 Ra4 41. Rf3 Ra2+ 42. Rf2 f3+ 43. Kg1 Ra5 44. h6 Kg3 45. Rf1 Ra2 46. Rd1
Rg2+ 0-1

[Event "Elit(LASK-Rockaden)"]
[Site "?"]
[Date "2011.03.11"]
[Round "9"]
[White "Nielsen, Peter Heine"]
[Black "Smeets, Jan"]
[Result "1/2-1/2"]
[WhiteElo "2720"]
[BlackElo "2748"]
[PlyCount "53"]

1. d4 d5 2. c4 c6 3. Nc3 Nf6 4. e3 g6 5. Nf3 Bg7 6. h3 O-O 7. Bd3 c5 8. O-O
cxd4 9. exd4 dxc4 10. Bxc4 Nc6 11. Re1 Na5 12. Bf1 a6 13. Bg5 Be6 14. Qd2 Nc4
15. Bxc4 Bxc4 16. Bh6 Re8 17. Bxg7 Kxg7 18. Ne5 Bd5 19. Ng4 Nxg4 20. hxg4 h6
21. Re5 e6 22. Rae1 f6 23. R5e3 Qd6 24. Qe2 Kf7 25. Qd2 Kg7 26. Qe2 Kf7 27. Qd2
1/2-1/2

[Event "Elit(LASK-Rockaden)"]
[Site "?"]
[Date "2011.03.11"]
[Round "9"]
[White "Kulaots, Kaido"]
[Black "Barkhagen, Jonas"]
[Result "1/2-1/2"]
[WhiteElo "2663"]
[BlackElo "2518"]
[PlyCount "80"]

1. e4 e6 2. d4 d5 3. Nc3 dxe4 4. Nxe4 Bd7 5. Nf3 Bc6 6. Bd3 Nd7 7. O-O Ngf6 8.
Ng3 Be7 9. c4 Bxf3 10. Qxf3 c6 11. b3 Qa5 12. Qe3 O-O 13. a3 Rfe8 14. Bb2 Nf8
15. Kh1 Rad8 16. Bc3 Qc7 17. a4 c5 18. Be2 b6 19. a5 cxd4 20. Bxd4 Bc5 21. axb6
axb6 22. Be5 Qe7 23. Qc3 Ng6 24. Bxf6 Qxf6 25. Qxf6 gxf6 26. Nh5 Bd4 27. Rad1
Kf8 28. f4 f5 29. Bf3 Ke7 30. Bc6 Rg8 31. g3 Rd6 32. Bf3 Rgd8 33. Kg2 Bc3 34.
Rxd6 Rxd6 35. Rd1 Rxd1 36. Bxd1 Kd6 37. Kf3 h6 38. h3 Kc5 39. g4 Nh4+ 40. Ke3
fxg4 1/2-1/2

[Event "Elit(LASK-Rockaden)"]
[Site "?"]
[Date "2011.03.11"]
[Round "9"]
[White "Wiedenkeller, Michael"]
[Black "Smith, Axel"]
[Result "1/2-1/2"]
[WhiteElo "2501"]
[BlackElo "2540"]
[PlyCount "44"]

1. d4 Nf6 2. c4 e6 3. Nc3 Bb4 4. e3 O-O 5. Bd3 c5 6. Nge2 d5 7. cxd5 cxd4 8.
exd4 Nxd5 9. O-O Nc6 10. Bc2 Be7 11. a3 b6 12. Qd3 g6 13. Bh6 Re8 14. Rad1 Bb7
15. Rfe1 Bg5 16. Bxg5 Qxg5 17. Nxd5 Qxd5 18. Nc3 Qd8 19. d5 exd5 20. Rxe8+ Qxe8
21. Nxd5 Qe5 22. Qc3 Qxc3 1/2-1/2

[Event "Elit(LASK-Rockaden)"]
[Site "?"]
[Date "2011.03.11"]
[Round "9"]
[White "Grandelius, Nils"]
[Black "Karlsson, Lars"]
[Result "1-0"]
[WhiteElo "2637"]
[BlackElo "2563"]
[PlyCount "73"]

1. Nf3 d6 2. d4 Bg4 3. e4 c6 4. h3 Bh5 5. Nc3 e6 6. g4 Bg6 7. Qe2 Nf6 8. h4 h5
9. g5 Nfd7 10. Bf4 Be7 11. O-O-O O-O 12. Qe3 Na6 13. Bg3 d5 14. Bd3 Nb4 15. Kb1
Qa5 16. Nd2 Nxd3 17. cxd3 Rfe8 18. Nb3 Qb6 19. Rc1 dxe4 20. dxe4 e5 21. Rhd1
exd4 22. Nxd4 Bb4 23. f3 Ne5 24. Bxe5 Rxe5 25. Nc2 Bxc3 26. Qxc3 Rc5 27. Qd4
Re8 28. Rd2 Rce5 29. Qxb6 axb6 30. Ne3 Rxe4 31. fxe4 Rxe4 32. Nc2 Rxh4 33. Rg1
Rf4 34. b3 h4 35. Kb2 Kh7 36. Ne3 Be4 37. Rf1 1-0

[Event "Elit(LASK-Rockaden)"]
[Site "?"]
[Date "2011.03.11"]
[Round "9"]
[White "Blomqvist, Erik"]
[Black "Bejtovic, Jasmin"]
[Result "0-1"]
[WhiteElo "2472"]
[BlackElo "2458"]
[PlyCount "116"]

1. e4 c5 2. Nf3 Nc6 3. d4 cxd4 4. Nxd4 g6 5. Nc3 Bg7 6. Be3 Nf6 7. Bc4 Qa5 8.
O-O O-O 9. Bb3 d6 10. h3 Bd7 11. Re1 Rac8 12. Qd2 Nxd4 13. Bxd4 Bc6 14. Rad1
Rfe8 15. Qe3 Nd7 16. Qf4 Rf8 17. Bxg7 Kxg7 18. Nd5 Qd8 19. h4 e5 20. Qg3 Bxd5
21. Rxd5 Nf6 22. Rd2 Qe7 23. Qe3 b6 24. Red1 Rfd8 25. c3 h6 26. g3 Rc5 27. Qe2
Qc7 28. Rd3 a5 29. a3 Qc6 30. Rf3 Rd7 31. Re1 Re7 32. Rd3 Rd7 33. Qd1 Rd8 34.
Ba2 Qc7 35. Re2 b5 36. Qb3 Rd7 37. Rd1 Qb7 38. Qc2 b4 39. axb4 axb4 40. Re3
bxc3 41. bxc3 Qc8 42. Qb3 Rb7 43. Qc2 Qh3 44. Rxd6 Ng4 45. Rf3 Qh2+ 46. Kf1
Qh1+ 47. Ke2 Nh2 48. Rff6 Qf1+ 49. Kd2 Ng4 50. Rf3 Nxf2 51. Bd5 Rxd5+ 52. Rxd5
Nxe4+ 53. Ke3 Qe1+ 54. Qe2 Qxc3+ 55. Qd3 Qe1+ 56. Qe2 Rb3+ 57. Rd3 Rxd3+ 58.
Kxd3 Qc3+ 0-1

[Event "Elit(LASK-Rockaden)"]
[Site "?"]
[Date "2011.03.11"]
[Round "9"]
[White "Tikkanen, Hans"]
[Black "Engqvist, Thomas"]
[Result "1/2-1/2"]
[WhiteElo "2618"]
[BlackElo "2454"]
[PlyCount "150"]

1. d4 d5 2. c4 c6 3. Nf3 Nf6 4. e3 g6 5. Be2 Bg7 6. O-O O-O 7. Nc3 Bg4 8. cxd5
cxd5 9. Qb3 b6 10. h3 Bxf3 11. Bxf3 e6 12. Bd2 Nc6 13. Qa4 Na5 14. b3 Qd7 15.
Rac1 Qxa4 16. Nxa4 Nb7 17. Rc7 Rab8 18. Rfc1 Rfd8 19. Be2 Ne8 20. R7c6 Nbd6 21.
Ba6 e5 22. dxe5 Bxe5 23. Bc3 Bxc3 24. Nxc3 d4 25. exd4 Nf5 26. Nb5 Nxd4 27.
Nxa7 b5 28. Rc8 Ne2+ 29. Kf1 Nxc1 30. Rxc1 Ra8 31. Nc6 Rd2 32. Bxb5 Raxa2 33.
Nb4 Ra8 34. Ke1 Rb2 35. Bc4 Nd6 36. Nd3 Rba2 37. Bd5 R8a5 38. Nb4 Rb2 39. Nd3
Rba2 40. Nb4 Ra1 41. Rxa1 Rxa1+ 42. Kd2 Kf8 43. h4 Ke8 44. g3 Kd7 45. Nd3 Ra5
46. Nb4 Kc7 47. Kc3 Kb6 48. Kd4 f6 49. Bc4 Nf5+ 50. Kd3 Ne7 51. Kd4 Rf5 52. f4
Ra5 53. Nd5+ Nxd5 54. Bxd5 Ra1 55. Bg8 Rd1+ 56. Ke4 Re1+ 57. Kd5 h6 58. Bh7 Re3
59. g4 Rg3 60. f5 gxf5 61. Bxf5 Re3 62. Kd6 Rxb3 63. h5 Re3 64. Be6 Rf3 65. Ke7
Kc7 66. Bf5 Re3+ 67. Kxf6 Kd8 68. Kg6 Ke7 69. Kg7 Rg3 70. Kxh6 Kf8 71. Kh7 Rg2
72. h6 Rg3 73. Be6 Rg2 74. Kh8 Rg3 75. Kh7 Rg2 1/2-1/2

[Event "Elit(LASK-Rockaden)"]
[Site "?"]
[Date "2011.03.11"]
[Round "9"]
[White "Hermansson, Emil"]
[Black "Gajic, Mladen"]
[Result "1-0"]
[WhiteElo "2450"]
[BlackElo "2352"]
[PlyCount "165"]

1. e4 Nf6 2. e5 Nd5 3. d4 d6 4. Nf3 dxe5 5. Nxe5 c6 6. Bc4 Nd7 7. Nd3 N7b6 8.
Bb3 a5 9. a4 Bf5 10. O-O e6 11. Re1 Bd6 12. Qf3 O-O 13. c3 Qh4 14. h3 h5 15.
Nd2 g5 16. Ne4 g4 17. Qe2 gxh3 18. g3 h2+ 19. Kh1 Bxe4+ 20. Qxe4 Qxe4+ 21. Rxe4
Nf6 22. Rh4 Kg7 23. Bg5 Nbd7 24. Kg2 Kg6 25. Bf4 Bxf4 26. Nxf4+ Kg7 27. Nxh5+
Nxh5 28. Rxh5 Kf6 29. Rxh2 Rh8 30. Rxh8 Rxh8 31. f4 b6 32. g4 Nf8 33. f5 Rg8
34. fxe6 Nxe6 35. Kg3 Rg5 36. Rh1 Rg8 37. Rh6+ Kg5 38. Rh5+ Kf6 39. Rh6+ Kg5
40. Rh5+ Kf6 41. Bc4 Ke7 42. Rh6 Rb8 43. Bxe6 fxe6 44. Kf4 Kd6 45. g5 b5 46. g6
Rf8+ 47. Kg5 Rf5+ 48. Kg4 Rf2 49. Rh3 Ke7 50. Kg5 Kf8 51. Rh8+ Kg7 52. Rh7+ Kg8
53. axb5 cxb5 54. Rb7 Rxb2 55. Kf6 Rf2+ 56. Kxe6 Re2+ 57. Kd6 Rc2 58. Rxb5 Rxc3
59. Rxa5 Rg3 60. Rf5 Rxg6+ 61. Kc5 Rg1 62. d5 Kg7 63. d6 Kg6 64. Rf4 Rd1 65.
Kc6 Rc1+ 66. Kb7 Rb1+ 67. Kc7 Rc1+ 68. Kd8 Kg5 69. Rf2 Re1 70. d7 Rd1 71. Rc2
Ra1 72. Kc8 Ra8+ 73. Kb7 Rh8 74. Rc8 Rh7 75. Kc6 Kf5 76. d8=Q Rh6+ 77. Kd5 Rh5
78. Qe7 Kf4+ 79. Kd4 Rf5 80. Qe3+ Kg4 81. Rg8+ Kh4 82. Qg3+ Kh5 83. Rh8# 1-0

[Event "Elit(LASK-Rockaden)"]
[Site "?"]
[Date "2011.03.11"]
[Round "9"]
[White "Nilsson, Sebastian"]
[Black "Bator, Robert"]
[Result "1/2-1/2"]
[WhiteElo "2402"]
[BlackElo "2466"]
[PlyCount "37"]

1. e4 Nf6 2. e5 Nd5 3. d4 d6 4. Nf3 dxe5 5. Nxe5 c6 6. Be2 Bf5 7. O-O Nd7 8.
Nf3 e6 9. c4 Nb4 10. a3 Na6 11. Nc3 Be7 12. d5 e5 13. b4 O-O 14. d6 Bf6 15. c5
Nab8 16. Bb2 b6 17. Na4 Re8 18. Re1 Bg6 19. Qb3 1/2-1/2

[Event "Elit(Kamraterna-Farsta)"]
[Site "?"]
[Date "2011.03.11"]
[Round "9"]
[White "von Bahr, Oskar"]
[Black "Aberg, Anton"]
[Result "1-0"]
[WhiteElo "2359"]
[BlackElo "2441"]
[PlyCount "79"]

1. c4 Nf6 2. g3 c6 3. Nf3 d5 4. Bg2 Bf5 5. cxd5 cxd5 6. Qb3 Qb6 7. Nc3 e6 8. d3
Nc6 9. O-O Qxb3 10. axb3 h6 11. Be3 Ng4 12. Bd2 Nf6 13. Nb5 Kd7 14. e4 dxe4 15.
dxe4 Bxe4 16. Bf4 Be7 17. Rfd1+ Bd5 18. Ne5+ Nxe5 19. Bxe5 Rhd8 20. Nc7 Rac8
21. Nxd5 Nxd5 22. Bxg7 Rc2 23. Rxa7 Bc5 24. Rxb7+ Ke8 25. Rf1 Nb4 26. Be4 Re2
27. Bf3 Rc2 28. Be4 Re2 29. Bf3 Rc2 30. Bh5 Rd7 31. Rb8+ Rd8 32. Rb7 Rd7 33.
Rb8+ Rd8 34. Rxd8+ Kxd8 35. Bxf7 Nd3 36. Bg6 Rxf2 37. Rxf2 Nxf2 38. Kg2 Ng4 39.
h3 Ne3+ 40. Kf3 1-0

[Event "Elit(Kamraterna-Farsta)"]
[Site "?"]
[Date "2011.03.11"]
[Round "9"]
[White "Jaderberg, Bjorn"]
[Black "Svenn, Matti"]
[Result "1/2-1/2"]
[WhiteElo "2213"]
[BlackElo "2262"]
[PlyCount "101"]

1. c4 e6 2. g3 d5 3. Bg2 Nf6 4. Nf3 c5 5. O-O Nc6 6. b3 Be7 7. Bb2 O-O 8. d3 b6
9. Nbd2 Bb7 10. Ne5 Qc7 11. Nxc6 Bxc6 12. e4 dxc4 13. Nxc4 Nd7 14. Qg4 g6 15.
f4 Bf6 16. Bxf6 Nxf6 17. Qh4 Nd7 18. g4 f5 19. g5 b5 20. Ne3 Rf7 21. Rae1 Qd6
22. Qg3 Rc8 23. Kh1 Nb6 24. h4 Rd8 25. Kh2 Qc7 26. Nd1 a5 27. Rf3 a4 28. Nf2
axb3 29. axb3 Ra8 30. Rfe3 Ra2 31. exf5 exf5 32. h5 Bxg2 33. Kxg2 Nd5 34. Re5
Re7 35. Qf3 Rxe5 36. Rxe5 Ne7 37. h6 Kf7 38. Kg3 c4 39. dxc4 bxc4 40. Qc3 Qc6
41. Re3 Ke8 42. Qh8+ Kd7 43. Qxh7 Qd6 44. bxc4 Ra3 45. Rxa3 Qxa3+ 46. Kg2 Qa8+
47. Kf1 Qa1+ 48. Ke2 Qa2+ 49. Ke3 Qa7+ 50. Ke2 Qa2+ 51. Ke1 1/2-1/2

[Event "Elit(Kamraterna-Farsta)"]
[Site "?"]
[Date "2011.03.11"]
[Round "9"]
[White "Borvander, Tom"]
[Black "Svensk, Ingemar"]
[Result "0-1"]
[WhiteElo "2221"]
[BlackElo "2267"]
[PlyCount "60"]

1. d4 d5 2. c4 dxc4 3. Nf3 Nf6 4. e3 e6 5. Bxc4 a6 6. a4 c5 7. O-O Nc6 8. Nc3
Qc7 9. Qe2 Bd6 10. dxc5 Bxc5 11. h3 O-O 12. Bd2 Bd7 13. Rfc1 Ne5 14. Ba2 Nxf3+
15. Qxf3 Bc6 16. Qe2 Qe5 17. Bb1 Rad8 18. e4 Qg3 19. Be1 Qg5 20. Bd3 Nh5 21.
Bc2 f5 22. Rd1 Nf4 23. Qf3 Ng6 24. Kh1 Bd4 25. Qg3 Qxg3 26. fxg3 fxe4 27. Nxe4
Bxe4 28. Bxe4 Rf1+ 29. Kh2 Bg1+ 30. Kh1 Rxd1 0-1

[Event "Elit(Kamraterna-Farsta)"]
[Site "?"]
[Date "2011.03.11"]
[Round "9"]
[White "Lissang, Christopher"]
[Black "Madebrink, Lars"]
[Result "1-0"]
[WhiteElo "2283"]
[BlackElo "2255"]
[PlyCount "65"]

1. d4 Nf6 2. Nf3 g6 3. c4 Bg7 4. Nc3 O-O 5. Bf4 d6 6. e3 Nbd7 7. h3 b6 8. Be2
Bb7 9. O-O Re8 10. Bh2 e5 11. dxe5 dxe5 12. Qc2 Qe7 13. Rfd1 a6 14. Nd5 Nxd5
15. cxd5 Rac8 16. e4 Qf6 17. Nd2 h5 18. b4 Bf8 19. Qb2 Bd6 20. Nc4 Qg5 21. Rd3
Nf6 22. Re3 h4 23. Rf1 Nh5 24. Bxh5 Qxh5 25. f4 exf4 26. Bxf4 Bxf4 27. Rxf4 b5
28. Qf6 bxc4 29. Qxf7+ Kh8 30. Qf6+ Kg8 31. Rg4 Qe5 32. Rxg6+ Kh7 33. Rh6+ 1-0

[Event "Elit(Kamraterna-Farsta)"]
[Site "?"]
[Date "2011.03.11"]
[Round "9"]
[White "Svedberg, Hans"]
[Black "Wieweg, Johnny"]
[Result "1/2-1/2"]
[WhiteElo "2008"]
[BlackElo "2204"]
[PlyCount "54"]

1. e4 e5 2. Nf3 Nc6 3. Bb5 f5 4. d3 fxe4 5. dxe4 Nf6 6. O-O Bc5 7. Nc3 d6 8.
Bc4 Na5 9. Be2 O-O 10. a3 Nc6 11. Bg5 Kh8 12. Nd5 Be6 13. b4 Bb6 14. Bxf6 gxf6
15. Nh4 Nd4 16. Nxb6 axb6 17. f4 f5 18. Nxf5 Nxf5 19. exf5 Bxf5 20. fxe5 dxe5
21. c3 Qxd1 22. Rfxd1 Rfd8 23. Rxd8+ Rxd8 24. Rd1 Re8 25. Kf2 Kg7 26. Ke3 Ra8
27. Ra1 c6 1/2-1/2

[Event "Elit(Manhem-Solna)"]
[Site "?"]
[Date "2011.03.11"]
[Round "9"]
[White "Akesson, Joel"]
[Black "Lindberg, Bengt"]
[Result "0-1"]
[WhiteElo "2368"]
[BlackElo "2434"]
[PlyCount "62"]

1. c4 Nf6 2. g3 e6 3. Bg2 d5 4. Nf3 Be7 5. b3 O-O 6. O-O a5 7. Nc3 d4 8. Nb5
Nc6 9. e3 e5 10. d3 dxe3 11. fxe3 Bg4 12. h3 Bh5 13. g4 Bg6 14. d4 exd4 15.
exd4 Nb4 16. Ne1 c6 17. Nc3 Nd3 18. Be3 Bb4 19. Qd2 Re8 20. Bf2 Nxf2 21. Rxf2
a4 22. Rc1 axb3 23. axb3 Ra3 24. Qd1 Qa5 25. Rf3 Qg5 26. Nd3 Bxd3 27. Rxd3 h5
28. Ra1 Rxa1 29. Qxa1 hxg4 30. Qf1 gxh3 31. Rxh3 Qg4 0-1

[Event "Elit(Manhem-Solna)"]
[Site "?"]
[Date "2011.03.11"]
[Round "9"]
[White "Johansson, Gunnar"]
[Black "Nithander, Victor"]
[Result "0-1"]
[WhiteElo "2269"]
[BlackElo "2494"]
[PlyCount "84"]

1. d4 Nf6 2. c4 g6 3. Nf3 Bg7 4. g3 O-O 5. Bg2 c6 6. O-O d5 7. cxd5 cxd5 8. Nc3
e6 9. Ne5 Nfd7 10. Nf3 Nc6 11. b3 Qa5 12. Bb2 b5 13. a3 Rd8 14. Qd3 Rb8 15. b4
Qb6 16. e3 a5 17. bxa5 Nxa5 18. Rfb1 Ba6 19. Bf1 Nc4 20. Bc1 Qc6 21. Nd2 e5 22.
dxe5 Ndxe5 23. Qe2 Nxe3 24. fxe3 Qxc3 25. Nb3 Nc4 26. Ra2 Re8 27. Rc2 Qe5 28.
Nd4 Qd6 29. Qd3 Bh6 30. Re2 b4 31. Rxb4 Nxe3 32. Rxb8 Rxb8 33. Qd2 Bxe2 34.
Qxe2 Re8 35. Qb5 Rc8 36. Bd2 Qf6 37. Nb3 Ng4 38. Qe2 Bxd2 39. Nxd2 Qd4+ 40. Kh1
Rc2 41. Qe8+ Kg7 42. Nf3 Qf2 0-1

[Event "Elit(Manhem-Solna)"]
[Site "?"]
[Date "2011.03.11"]
[Round "9"]
[White "Couso, Luis"]
[Black "Moberg, Karl Johan"]
[Result "1/2-1/2"]
[WhiteElo "2258"]
[BlackElo "2331"]
[PlyCount "45"]

1. e4 e5 2. f4 exf4 3. Bc4 Nf6 4. Nc3 c6 5. Qe2 d5 6. exd5+ Be7 7. d4 cxd5 8.
Bb5+ Nc6 9. Bxf4 O-O 10. Nf3 Bg4 11. Bxc6 bxc6 12. h3 Bxf3 13. Qxf3 Bb4 14. O-O
Bxc3 15. Qxc3 Qd7 16. Rae1 Ne4 17. Qa5 Rfe8 18. c4 dxc4 19. Be5 Qd5 20. Qc7 f6
21. Bf4 Re6 22. Qb7 Rae8 23. Qxa7 1/2-1/2